00821nam a2200205 a 450000100100000000500170001000800410002702000150006804000250008308200150010811000680012324500320019126000840022330000270030750000320033450400280036659000260039495201780042099900170059800004459920201002045505.0140721s1990 xxu r 000 0 spa d a9213001231 aDO-SdBNPbspacBNPHU axxxxbxxxx1 aNaciones UnidasbDepartamento de Información Pública97262910aABC de las Naciones Unidas. aNueva York :bNaciones Unidas,bDepartamento de Información Pública,c1990. aviii, 263 p. ;c22 cm. aIncluye índie analítico aBibliografía : p. 253 aInventariado, 2019/BT 001050718MOaGRbGRcHDd2014-07-21iLF1l0oxxxx xxxxp44599-10r2020-06-25w2020-06-25y1zPerteneció a la biblioteca personal de Germán Emilio Ornes.ZNo se presta c44088d44088